000 00311nam a2200133Ia 4500
008 230917s9999||||xx |||||||||||||| ||und||
040 _e96706
_aMAIN
041 _aEnglish
082 _a380 N286A
100 _aNeetu Rani
245 0 _aAttitudes of rural consumers towards tea
300 _a80 p.
942 _cTH
999 _c88315
_d88315